Тунгалаг тамирын Дулмаа (Бичлэгийн дугаар. 1145439)
[ энгийн харах ]
| 000 -Удирдлага | |
|---|---|
| Ном зүйн бүртгэл тоо буюу кодлох утгыг агуулсан | 00517nam a22001817a 4500 |
| 003 - ХЯНАЛТЫН ТОО ТОДОРХОЙЛОГЧ | |
| Код | MN-UlNLM |
| 005 - ХАМГИЙН СҮҮЛИЙН ҮЕИЙН ХЭЛЦЛИЙН ОГНОО БА ЦАГ | |
| Тухайн бичилтийг бичсэн засварласан сүүлийн огноо. | 20250122144501.0 |
| 008 - ЕРӨНХИЙ МЭДЭЭЛЭЛ-ЭЛЕМЕНТҮҮДИЙН ӨГӨГДЛИЙН УРТ | |
| fixed length control field | 241017s2024 mp ||||| |||| 00| 0 mon d |
| 020 ## - ОЛОН УЛСЫН СТАНДАРТ НОМЫН ДУГААР-ISBN | |
| Олон Улсын Стандарт Номын Дугаар | 9789919033446 |
| 040 ## - ЭХ СУРВАЛЖИЙГ ТОДОРХОЙЛОН БИЧИХ | |
| Каталогийн хэл | Монгол |
| 084 ## - БУСАД АНГИЛЛЫН ДУГААР | |
| Ангиллын нэр | Номын сан номзүйн ангилал |
| Анги | 85.334.3(5Мон) |
| Зохиогчийн 3-н тэмдэгт | Д 881 |
| Шинжлэх ухааны мэдлэгийн салбар | Урлаг - 85 |
| 100 1# - ЗОХИОГЧИЙН ХЭСЭГ | |
| Зохиогчийн нэр | Дэлгэржаргал Ш. |
| 245 0# - ҮНДСЭН ГАРЧИГ | |
| Гарчиг | Тунгалаг тамирын Дулмаа |
| Оролцогчдын тухай мэдээ | Хян. Д.Цээсэд |
| 260 1# - ГАРАЛТЫН ТУХАЙ МЭДЭЭ | |
| Хэвлэгдсэн газар | УБ |
| Хэвлэлийн газар | Никель Декель |
| Хэвлэгдсэн он | 2024 |
| 300 ## - ТООНЫ МЭДЭЭ | |
| Хуудасны тоо | 131х |
| Дагалдах материал | Зур |
| 546 ## - ХЭЛНИЙ ТУХАЙ МЭДЭЭ | |
| Хэл | mon |
| 942 ## - ЭЛЕМЕНТИЙН ТӨРӨЛ | |
| Төрөл | Ном |
| Буцаан татагдсан төлөв | Хасагдсан шалтгаан | Гэмтсэн төлөв | Данс заагч | Захиалах боломжгүй | Үндсэн номын сан | Одоогийн байршил | Салбар танхим | Салбар танхим | Бүртгэсэн огноо | Бүрдүүлэлтийн эх үүсвэр | Тавиурын заалт | Баркод | Үнэ | Хамгийн сүүлд байсан огноо | Нийт уншлаганд гарсан тоо | Дансны дугаар | Ангиллын нэр | Фактур мөрийн дугаар | Төрөл |
|---|---|---|---|---|---|---|---|---|---|---|---|---|---|---|---|---|---|---|---|
| МУҮНомын сан салбар | МУҮНомын сан салбар | МУҮНС салбар | Эрдэм танхим 7 давхар | МУҮНС салбар | Эрдэм танхим 7 давхар | 2025-02-04 | Бэлэг, хандив | 85.334.3(5Мон) Д 881 | 00600009921 | 15000.00 | 2025-02-04 | 99211 | Ном | ||||||||
| Албан хэрэгцээнд | МУҮндэсний Номын сан | МУҮндэсний Номын сан | МУҮНС төв | Архив фонд төв байр | МУҮНС төв | Архив фонд төв байр | 2025-02-04 | Бэлэг, хандив | 85.334.3(5Мон) Д 881 | 003110043726 | 15000.00 | 2024-10-17 | 43726 | Номын сан номзүйн ангилал | 240820.00 | Ном | |||||
| МУҮндэсний Номын сан | МУҮндэсний Номын сан | МУҮНС төв | Ойр фонд | МУҮНС төв | Ойр фонд | 2025-02-04 | Бэлэг, хандив | 85.334.3(5Мон) Д 881 | 00600009922 | 15000.00 | 2025-02-04 | 99212 | Ном |